000 00324nam a22001457a 4500
008 210312b ||||| |||| 00| 0 eng d
020 _a3805530382
041 _aeng
080 _a617
082 _a617
100 _a8
101 _aOFT
245 _aModern Problems in Ophthalmology
_cNorton, E. W. D
942 _2udc
_cBK
999 _c56609
_d56609